000 00638nam a2200229Ia 4500
001 2728
005 20240113233552.0
007 ta
008 050301s1976 g b000 u hin u
040 _aCotton College,Assam
041 _ahin
082 _a891.4309
_bP 886 Ad
100 _aPrasad, Ram Chandra .
245 0 _aAdhunik hindi alochana par paachaatya prabhab /
_cRam Chandra Prasad.
_hTextual Documents
250 _a1st ed /
260 _aAllahabad :
_bLokabharati Prakashan ,
_c1976.
300 _a549p. ;
_c21cm..
653 _aHindi literature
942 _2ddc
_cBK
999 _c2721
_d2721